Quizzes
Events
Quiz Creation
Community
Videos
Private Events
Remove Ads
Sign In
Join for FREE
Feedback
Dark Mode
Quiz Categories
Sports
Geography
Music
Movies
Television
Just For Fun
Miscellaneous
History
Literature
Language
Science
Gaming
Entertainment
Religion
Holiday
For Kids
Quiz Lab
Recent
Popular Today
Quiz Kudos Today
Editor Picks
Curator Picks
Quizzes by...
Day
Popularity
Type
Ratings
Length
Year
Community
Subscriptions
Recent Discussions
Orange Saloon
Badges
Playlists
Quests
Create
Leaderboards
Showdown
Live 5
Trivia Bingo
Activity
Puzzle Library
Sporcle Events
Private Events
Virtual Trivia
Globe League
Become a Host
Pub Owners
SporcleCon
Opinionation
Our Games
Videos
Blog
Mobile Apps
Partnerships
Remove Ads and Go Orange
Feedback
Music
Pop Music
The Beatles
Song
Album
Lyrics
Bands
Singers
Artist
Clip
Rock
Rap
Classical
Billboard
Country Music
Kpop
Taylor Swift
Music
Pop Music
The Beatles
Song
Album
Lyrics
Bands
Singers
Artist
Clip
Rock
Rap
Classical
Billboard
Country Music
Kpop
Taylor Swift
Random Quiz
Search Sporcle
×
Quiz Lab
Quiz Lab
Music
duos
Type in answers that appear in a list
Type in answers that appear in a list
Classic
Best Score? Go Orange.
CMA Vocal Duo Nominees Stats
Can you name the nominees for CMA Vocal Duo of the Year since 1990?
By
cpo_sharky_09
8m
28 Questions
97 Plays
97 Plays
97 Plays
Comments
Comments
Give Quiz Kudos
Give Quiz Kudos
-
- Ratings
hide this ad
Replay
Link that replays current quiz
Next Quiz
Link to next quiz in quiz playlist
You Got
0%
They Got
Avg Score
19%
Avg Friend Score
Upgrade to see
Score Distribution
Jump to the score distribution portion of the page
Score
0/28
Timer
08:00
0
Plays Today
Years
Duo
% Correct
1992-
2010
Brooks & Dunn
73.2%
2007-
2012
Sugarland
62.9%
1999-
2011
Montgomery Gentry
55.7%
1990-
1992
The Judds
47.4%
2011-
2012
Thompson Square
45.9%
1998-
2001
The Kinleys
43.3%
2004-
2009, 2012
Big & Rich
30.9%
2009-
2010
Joey & Rory
30.9%
2012
Love & Theft
29.7%
1999-
2005
The Warren Brothers
23.7%
1990-
1998, 2000-
2003
Bellamy Brothers
22.7%
2006-
2008
The Wreckers
21.6%
2011-
2012
The Civil Wars
21.6%
1990-
1996
Sweethearts of the Rodeo
14.4%
Years
Duo
% Correct
1998-
1999
The Lynns
13.4%
2005-
2006
Van Zant
13.4%
2010-
2011
Steel Magnolia
12.4%
1997
Raybon Brothers
9.3%
1990-
1991
Foster & Lloyd
8.2%
1994-
1995
Brother Phelps
7.2%
2004
Blue County
6.2%
1995-
1997
John & Audrey Wiggins
4.1%
1997-
1998
Thrasher & Shiver
3.1%
2002-
2003
Sons of the Desert
3.1%
1990-
1992
Baillie & the Boys
2.1%
1994
Orrall & Wright
2.1%
1993
Darryl & Don Ellis
1%
1996
Baker & Myers
1%
Quiz Playlist
Details
Report
Send in Message
Add To Playlist
Classic:
Type in answers that appear in a list
Last Updated: Feb 16, 2017
Quiz Scoreboard
CHALLENGE
Sign Up to Join the Scoreboard
Show All
Scores
Hide
Comments
May contain spoilers
Recently Published
Movies - When Are They Set?
by FPL_Elf
Movies
5m
Popular People in 1961
by mucciniale
History
6m
1-10 Letter E Words III
by El_Dandy
Language
2m
More to Explore
Quiz From the Vault
Featured Blog Post
Where Did the Easter Bunny Come From?
hide this ad
You Might Also Like...
Tags
1990
cma
CMA Vocal
duos
Vocal
Today's Top Quizzes in Music
Browse Music
hide this ad
Today's Top Quizzes in duos
Browse duos
Top Contributed Quizzes in Music
1
Taylor Swift All Songs (2024)
2
2010s Album by Cover III
3
Guess the Artist- 70s Songs
4
One Thing in Common: Music
5
Taylor Swift Logic Puzzle
6
Guess the Taylor Swift song (Mystery Song)
7
2010s Album by Cover IV
8
2010s Album by Cover V
9
KPOP LOGIC QUIZ
10
Kpop Logic Quiz
Explore More
Trending Topics
Crossword
Marvel
Anime
Harry Potter
NBA
Kpop
Disney
Song
The Office
NFL
Country
Pokémon
Puzzle
WWE
Soccer
hide this ad
More By:
cpo_sharky_09
Quiz
Plays
Rating
Category
Featured
Created
NASCAR Most Sprint Cup Starts
14,254
4.25
Sports
Oct 3, 2009
1998 Nascar Drivers
997
4.75
Sports
Nov 6, 2009
Most IndyCar Series Starts
639
3.33
Sports
Oct 3, 2009
Sitcoms by Lead Actors
498
3.50
Television
Nov 2, 2009
Sitcoms by Lead Actors 2
482
3.67
Television
Nov 2, 2009
Go to Creator's Profile
Score Distribution
Quiz Creator Spotlight
cpo_sharky_09
Follow
Send a Message
Quizzes Created
-
Created Quiz Play Count
-
More By This Creator
Popular Quizzes Today
1
Find the Countries of Europe - No Outlines Minefield
2
Find the US States - No Outlines Minefield
3
The Countries of the World
4
Popular People in 1961
5
US States
6
1-10 Letter E Words III
7
Find the US States
8
One Thing in Common: World Cities II
More Music Quizzes
Taylor Swift: All Too Well (10 Min) (Lyrics) Part 3
Quiz Lab
Trending Quizzes
Risky Map Clicking: Least Populous States A-Z
1-10 Letter F Words
1-10 Letter G Words
One Thing in Common: United Kingdom
Risky Map Clicking: Next State Alphabetically
Recently Updated
Leaping Animals
pecheneg
Reality TV Shows (A-Z)
bhenderson79
Rickey Henderson's Hall of Fame Teammates
pecheneg
Champions League XIs: Arsenal
pecheneg
Quick Pick: Celebrities in WWE's Hall of Fame
aduchscher
A-Z Keypad Blitz II
pecheneg
Multiple Oscar Actors
pecheneg
Mystery Phrase Blitz: Oscar 'Best Actors'
pecheneg
F. Scott Fitzgerald Novels
LTH
Pick 3 Villains
ddd62291
Trending Topics
Harry Potter
Marvel
Kpop
NBA
Disney
Anime
Crossword
Song
Pokémon
The Office
Soccer
Country
Puzzle
NFL
WWE
Your Account Isn't Verified!
In order to create a playlist on Sporcle, you need to verify the email address you used during registration. Go to your
Sporcle Settings
to finish the process.
Report this User
Report this user for behavior that violates our
Community Guidelines
.
Details:
Send Report
Go to the Sporcle.com Mobile Site →
Comments